Outsourcing of information systems in Bumiputra-Commerce Bank Berhad /
Saved in:
| Main Author: | |
|---|---|
| Format: | Thesis |
| Language: | English |
| Published: |
Gombak, Selangor :
International Islamic University Malaysia,
2002.
|
| Subjects: | |
| Online Access: | Click here to view 1st 24 pages of the thesis. Members can view fulltext at the specified PCs in the library. |
| Tags: |
Add Tag
No Tags, Be the first to tag this record!
|
| LEADER | 016640000a22003370004500 | ||
|---|---|---|---|
| 001 | 269056 | ||
| 005 | 20090413123800.0 | ||
| 008 | 030929s2002 my g 000 0 eng d | ||
| 035 | |a (Sirsi) 269056 | ||
| 040 | |a UIAM |b eng | ||
| 043 | |a a-my--- | ||
| 049 | |b m | ||
| 050 | |a HG1709 | ||
| 100 | 1 | |a Muzaffar Shah bin Mustaffa | |
| 245 | 1 | 0 | |a Outsourcing of information systems in Bumiputra-Commerce Bank Berhad / |c by Muzaffar Shah bin Mustaffa. |
| 260 | |a Gombak, Selangor : |b International Islamic University Malaysia, |c 2002. | ||
| 300 | |a vi, 78 leaves ; |b ill.; |c 30 cm. | ||
| 500 | |a "A thesis submitted in partial fulfilment of the requirement for the degree of Master in Business Administration, Management Centre, International Islamic University Malaysia"--On t.p. | ||
| 502 | |a Thesis (MBA)--International Islamic University Malaysia,2002. | ||
| 596 | |a 1 | ||
| 610 | 2 | 0 | |a Bumiputera-Commerce Sdn. Bhd. |
| 650 | 0 | |a Contracting out |v Case studies |z Malaysia | |
| 650 | 0 | |a Banks and banking |v Case studies |x Data processing Contracting out |z Malaysia | |
| 650 | 0 | |a Banks and banking |v Case studies |z Malaysia | |
| 655 | 0 | 7 | |a Theses, IIUM local |
| 690 | 0 | |a Dissertations, Academic |x Management Centre |z IIUM | |
| 710 | 2 | |a International Islamic University Malaysia. |b Management Centre | |
| 856 | 4 | |u http://studentrepo.iium.edu.my/handle/123456789/3354 |z Click here to view 1st 24 pages of the thesis. Members can view fulltext at the specified PCs in the library. | |
| 900 | |a rus-rose-hm | ||
| 999 | |c 432263 |d 463263 | ||
| 952 | |0 0 |6 T HG 001709 M994O 2002 |7 0 |8 THESES |9 753448 |a IIUM |b IIUM |c MULTIMEDIA |g 0.00 |o t HG1709M994O 2002 |p 00000853168 |r 2017-10-19 |t 1 |v 0.00 |y THESIS | ||
